[Event "LiSB-ch"]
[Site "Stein"]
[Date "2002.12.01"]
[Round "4"]
[White "Frenken, Marcel"]
[Black "Van Alphen, Raimund"]
[Result "1/2-1/2"]
[WhiteElo "2038"]
[BlackElo "1841"]
[PlyCount "98"]
[EventDate "2002.11.30"]
[EventType "swiss"]
[EventRounds "7"]
[EventCountry "NED"]
[SourceTitle "EXT 2013"]
[Source "ChessBase"]
[SourceDate "2012.11.22"]
[SourceVersion "1"]
[SourceVersionDate "2012.11.22"]
[SourceQuality "1"]

1. f4 d5 2. e3 c5 3. Nf3 Bg4 4. Be2 Bxf3 5. Bxf3 Nf6 6. c4 Nc6 7. Qb3 Qb6 8. cxd5 Qxb3 9. axb3 Nb4 10. Ke2 Nfxd5 11. Nc3 e6 12. Nb5 a6 13. Bxd5 Nxd5 14. e4 Nxf4+ 15. Kf3 0-0-0 16. Na7+ Kc7 17. Kxf4 Be7 18. d4 Kb6 19. Be3 cxd4 20. Nc8+ Rxc8 21. Bxd4+ Bc5 22. Bc3 f6 23. Rad1 e5+ 24. Kf5 Rc6 25. Rd7 g6+ 26. Kg4 Rd6 27. Ba5+ Ka7 28. Rxd6 Bxd6 29. Rd1 Bc5 30. Rd7 h5+ 31. Kf3 Rf8 32. Bc3 Bb6 33. Rg7 g5 34. Rh7 Rd8 35. Rxh5 Rd3+ 36. Kg4 Bd4 37. Rh3 Rd1 38. Rf3 Rg1 39. g3 Rg2 40. h3 Re2 41. Kf5 b5 42. Kxf6 g4 43. hxg4 Rxe4 44. g5 b4 45. Bxd4+ exd4 46. g6 Re3 47. Rf1 Rxg3 48. Kf7 Kb6 49. g7 d3 1/2-1/2